Find the Cartoon Kids II Quiz Stats

 Plays Quiz Updated Aug 17, 2017

Support Sporcle.
Go Orange.
Score 0/40 Timer 07:00
8 Plays Today
% Correct
Dora
Márquez
92.6%
Lisa
Simpson
92.4%
Charlie
Brown
92.3%
Shaggy
Rogers
92.3%
Moana
91.9%
Daphne
Blake
88.4%
Bamm-Bamm
Rubble
88.3%
Dexter
87.5%
Maggie
Simpson
86.6%
Boo
85.6%
Elroy
Jetson
84.5%
Tommy
Pickles
83.9%
Eric Cartman
82.9%
Blossom
82.1%
Ash
Ketchum
81.7%
Doug
Funnie
81.4%
Ferb
Fletcher
80.3%
Dash Parr
80.2%
Sid
Phillips
79.7%
Lucy
van Pelt
78.8%
% Correct
Timmy
Turner
78.5%
Ed
78.3%
Daria
Morgendorffer
77.5%
Arnold
Shortman
77.3%
Helga
G. Pataki
73.7%
Token Black
71.8%
Morty
Smith
71.2%
Nelson Muntz
69%
Mabel Pines
68.1%
Lil DeVille
67.5%
Martin
Prince, Jr.
66.3%
Ashley
Spinelli
64.5%
Wilbur
Robinson
62.4%
Hiccup
61.5%
Billy
59%
Patti
Mayonnaise
57.7%
Shelly Marsh
57.3%
Toph Beifong
57.2%
Jane Lane
56.6%
Little
Suzy
51.8%

From the Vault

Numbered TV Shows

by Ben

It was my understanding that there would be no math.
Remove Ads.
Support Sporcle.
Get the best of Sporcle when you Go Orange. This ad-free experience offers more features, more stats, and more fun while also helping to support Sporcle. Thank you for becoming a member.

Show Comments

Extras

Top Quizzes Today


Score Distribution

Your Account Isn't Verified!

In order to create a playlist on Sporcle, you need to verify the email address you used during registration. Go to your Sporcle Settings to finish the process.

Report this User

Report this user for behavior that violates our Community Guidelines.

Details: